书目信息 |
| 题名: |
摩擦材料实用纤维与应用技术
|
|
| 作者: | 钱勤 , 司万宝 , 杨余章 编著 | |
| 分册: | ||
| 出版信息: | 大连 大连理工大学出版社 2021.10 |
|
| 页数: | 216页 | |
| 开本: | 26cm | |
| 丛书名: | ||
| 单 册: | ||
| 中图分类: | TB36 | |
| 科图分类: | ||
| 主题词: | 摩擦材料--mo ca cai liao--增强纤维 | |
| 电子资源: | ||
| ISBN: | 978-7-5685-3210-5 | |
| 000 | 00927nam0 2200253 450 | |
| 001 | 27908 | |
| 005 | 20221008113709.01 | |
| 010 | @a978-7-5685-3210-5@dCNY78.00 | |
| 100 | @a20211127d2021 em y0chiy50 ea | |
| 101 | 0 | @achi |
| 102 | @aCN@b210000 | |
| 105 | @aa a 000yy | |
| 200 | 1 | @a摩擦材料实用纤维与应用技术@Amo ca cai liao shi yong xian wei yu ying yong ji shu@f钱勤, 司万宝, 杨余章编著 |
| 210 | @a大连@c大连理工大学出版社@d2021.10 | |
| 215 | @a216页@c图@d26cm | |
| 320 | @a有书目 (第216页) | |
| 330 | @a本书分六章, 内容包括: 摩擦材料实用纤维概述、摩擦材料中常用纤维、摩擦材料用纺织类纤维生产、摩擦材料应用长纤维制品、摩擦材料应用短纤维制品、相关标准。 | |
| 606 | 0 | @a摩擦材料@Amo ca cai liao@x增强纤维 |
| 690 | @aTB36@v5 | |
| 701 | 0 | @a钱勤@Aqian qin@4编著 |
| 701 | 0 | @a司万宝@Asi wan bao@4编著 |
| 701 | 0 | @a杨余章@Ayang yu zhang@4编著 |
| 801 | 0 | @aCN@c20220910 |
| 905 | @a河南城建学院图书馆@dTB36@eQ225@f2 | |
| 摩擦材料实用纤维与应用技术/钱勤, 司万宝, 杨余章编著.-大连:大连理工大学出版社,2021.10 |
| 216页:图;26cm |
| ISBN 978-7-5685-3210-5:CNY78.00 |
| 本书分六章, 内容包括: 摩擦材料实用纤维概述、摩擦材料中常用纤维、摩擦材料用纺织类纤维生产、摩擦材料应用长纤维制品、摩擦材料应用短纤维制品、相关标准。 |
| ● |
| 相关链接 |
|
|
|
正题名:摩擦材料实用纤维与应用技术
索取号:TB36/Q225
 
预约/预借
| 序号 | 登录号 | 条形码 | 馆藏地/架位号 | 状态 | 备注 |
| 1 | 1580403 | 215804039 | 自科库501/501自科库 13排4列5层/ [索取号:TB36/Q225] | 在馆 | |
| 2 | 1580404 | 215804048 | 自科库501/ [索取号:TB36/Q225] | 在馆 |